Navyanyaya language and methology/ (Record no. 201499)

MARC details
000 -LEADER
fixed length control field 00593nam a22002057a 4500
005 - DATE AND TIME OF LATEST TRANSACTION
control field 20240314154244.0
010 ## - LCCN (DPL NO)
LC control number ENG-139712
020 ## - INTERNATIONAL STANDARD BOOK NUMBER
Terms of availability 120.00
035 ## - SYSTEM CONTROL NUMBER
System control number EN-123244
037 ## - SOURCE OF ACQUISITION
Source of stock number/acquisition DBAD/PUB
082 ## - DEWEY DECIMAL CLASSIFICATION NUMBER
Classification number 181.45
Edition number 2
245 ## - TITLE STATEMENT
Title Navyanyaya language and methology/
250 ## - EDITION STATEMENT
Edition statement 2
260 ## - PUBLICATION, DISTRIBUTION, ETC. (IMPRINT)
Place of publication, distribution, etc kolkata
Name of publisher, distributor, etc Professor Mihir Kumar Chakrabarti
Date of publication, distribution, etc 2010
270 ## - ADDRESS
City Kolkata
Address The Asiatic Society,1 Park street
Postal code 700016
300 ## - PHYSICAL DESCRIPTION
Extent 78p.
Dimensions 22cm(pbk)
500 ## - GENERAL NOTE
General note For UPSC and State Civil Services Examinations
700 ## - ADDED ENTRY--PERSONAL NAME
9 (RLIN) 61928
942 ## - ADDED ENTRY ELEMENTS (KOHA)
Source of classification or shelving scheme Dewey Decimal Classification
Item type English Books
Classification part 181.45
Call number suffix Met
Edition 2
Holdings
Withdrawn status Lost status Not for loan Collection code Home library Current library Date acquired Source of acquisition Cost, normal purchase price Full call number Barcode Copy number Cost, replacement price Koha item type
      Non-fiction Bawana Bawana 14/03/2024 DBAD 120.00 181.45 MET EN-123244 1 120.00 English Books

© Delhi Public Library
Hit Counter
free hit counter